[Event "Mar del Plata op 43rd"]
[Site "Mar del Plata"]
[Date "2012.04.02"]
[Round "4"]
[White "Ricardi, Pablo"]
[Black "Vasta, Eduardo"]
[Result "1-0"]
[WhiteElo "2504"]
[BlackElo "2325"]
[PlyCount "73"]
[EventDate "2012.03.31"]
[EventType "swiss"]
[EventRounds "9"]
[EventCountry "ARG"]
[SourceTitle "CBM 147 Extra"]
[Source "ChessBase"]
[SourceDate "2012.04.24"]
[SourceVersion "1"]
[SourceVersionDate "2012.04.24"]
[SourceQuality "1"]

1. d4 f5 2. Bg5 c6 3. Qd3 d6 4. Nc3 Qa5 5. Nf3 Na6 6. a3 Bd7 7. e4 fxe4 8. Qxe4 Bf5 9. Qe2 Nb4 10. 0-0-0 Nd5 11. Ne4 0-0-0 12. Qe1 Qxe1 13. Rxe1 h6 14. Bd2 Ngf6 15. Bd3 Bxe4 16. Bxe4 Nxe4 17. Rxe4 g5 18. Rhe1 Rh7 19. h4 Nf6 20. R4e2 g4 21. Nh2 Rf7 22. Nf1 Kd7 23. Ng3 Nd5 24. c3 e5 25. dxe5 dxe5 26. Rxe5 Rxf2 27. R1e2 Rxe2 28. Rxe2 Bd6 29. Nf5 Nf4 30. Re4 Nd3+ 31. Kc2 Nf2 32. Re2 Bc5 33. Bxh6 Kc8 34. b4 Bb6 35. Bg7 Nd3 36. g3 Rd7 37. h5 1-0

[Event "Dos Hermanas Internet qual-E 10th"]
[Site "ICC INT"]
[Date "2009.03.15"]
[Round "3"]
[White "Di Giannantonio, Nino"]
[Black "Vasta, Eduardo"]
[Result "0-1"]
[WhiteElo "1991"]
[BlackElo "2353"]
[PlyCount "50"]
[EventDate "2009.03.15"]
[EventType "swiss (blitz)"]
[EventRounds "12"]
[EventCountry "ESP"]
[SourceTitle "CBM 129 Extra"]
[Source "ChessBase"]
[SourceDate "2009.05.05"]
[SourceVersion "2"]
[SourceVersionDate "2009.05.20"]
[SourceQuality "1"]

1. e4 e5 2. Nc3 Bc5 3. d3 Nf6 4. Be3 Bxe3 5. fxe3 d5 6. exd5 Nxd5 7. Nxd5 Qxd5 8. Nf3 Bg4 9. Be2 Nc6 10. 0-0 0-0-0 11. h3 Bh5 12. Ng5 Bxe2 13. Qxe2 f6 14. Ne4 Kb8 15. Qg4 Rdg8 16. Qf5 Ne7 17. Qf3 h5 18. Rad1 h4 19. c4 Qc6 20. b3 f5 21. Ng5 Qg6 22. d4 Qxg5 23. dxe5 Nc6 24. Rd7 Nxe5 25. Rd5 Nxf3+ 0-1

[Event "Dos Hermanas Internet qual-E 10th"]
[Site "ICC INT"]
[Date "2009.03.15"]
[Round "2"]
[White "Vasta, Eduardo"]
[Black "Delgado Ramirez, Neuris"]
[Result "0-1"]
[WhiteElo "2353"]
[BlackElo "2550"]
[PlyCount "48"]
[EventDate "2009.03.15"]
[EventType "swiss (blitz)"]
[EventRounds "12"]
[EventCountry "ESP"]
[SourceTitle "CBM 129 Extra"]
[Source "ChessBase"]
[SourceDate "2009.05.05"]
[SourceVersion "2"]
[SourceVersionDate "2009.05.20"]
[SourceQuality "1"]

1. e4 c5 2. d4 cxd4 3. c3 Nf6 4. e5 Nd5 5. Bc4 Qc7 6. Qe2 Nb6 7. Bd3 Nc6 8. Nf3 Nb4 9. 0-0 Nxd3 10. Qxd3 e6 11. cxd4 d6 12. Nc3 Bd7 13. Bf4 Qc4 14. Qe3 Nd5 15. Nxd5 Qxd5 16. Rac1 Bc6 17. exd6 Bxd6 18. Bxd6 Qxd6 19. Ne5 Bd5 20. Qg3 0-0 21. b3 Rac8 22. Rc3 f6 23. Nc4 Qxg3 24. hxg3 b5 0-1

[Event "Dos Hermanas Internet qual-D 10th"]
[Site "ICC INT"]
[Date "2009.03.14"]
[Round "6"]
[White "Vasta, Eduardo"]
[Black "Arnaiz Yanes, Miguel Angel"]
[Result "1-0"]
[WhiteElo "2353"]
[BlackElo "1995"]
[PlyCount "69"]
[EventDate "2009.03.14"]
[EventType "swiss (blitz)"]
[EventRounds "12"]
[EventCountry "ESP"]
[SourceTitle "EXT 2010"]
[Source "ChessBase"]
[SourceDate "2010.11.25"]
[SourceVersion "1"]
[SourceVersionDate "2010.11.25"]
[SourceQuality "1"]

1. e4 e5 2. Bc4 Nf6 3. d4 d6 4. dxe5 Nxe4 5. Bxf7+ Kxf7 6. Qd5+ Be6 7. Qxe4 dxe5 8. Nf3 Nc6 9. Ng5+ Ke7 10. Nxe6 Kxe6 11. Be3 Bd6 12. Nc3 Qf6 13. 0-0-0 Rad8 14. Nb5 Kf7 15. g4 Rhe8 16. Qxh7 a6 17. Nc3 Bb4 18. Ne4 Qg6 19. Ng5+ Kf6 20. Qxg6+ Kxg6 21. h4 Rxd1+ 22. Kxd1 Rd8+ 23. Ke2 Nd4+ 24. Bxd4 exd4 25. Kd3 Be7 26. Ne4 c5 27. h5+ Kh6 28. f4 b6 29. g5+ Kh7 30. f5 Bd6 31. h6 gxh6 32. Rxh6+ Kg7 33. Rxd6 Rxd6 34. Nxd6 b5 35. Ke4 1-0

[Event "Dos Hermanas Internet qual-D 10th"]
[Site "ICC INT"]
[Date "2009.03.14"]
[Round "2"]
[White "Vasta, Eduardo"]
[Black "Bhat, Vinay S"]
[Result "0-1"]
[WhiteElo "2353"]
[BlackElo "2495"]
[PlyCount "86"]
[EventDate "2009.03.14"]
[EventType "swiss (blitz)"]
[EventRounds "12"]
[EventCountry "ESP"]
[SourceTitle "EXT 2010"]
[Source "ChessBase"]
[SourceDate "2010.11.25"]
[SourceVersion "1"]
[SourceVersionDate "2010.11.25"]
[SourceQuality "1"]

1. e4 e6 2. d4 d5 3. Nc3 Nc6 4. Nf3 Nf6 5. Bg5 Be7 6. e5 Ne4 7. Bxe7 Qxe7 8. Bd3 Qb4 9. 0-0 Nxc3 10. bxc3 Qxc3 11. Rb1 h6 12. Rb3 Qa5 13. c4 dxc4 14. Bxc4 Ne7 15. Qc2 c6 16. Nd2 Nf5 17. Qb2 Qd8 18. Rd3 b5 19. Bb3 c5 20. d5 c4 21. Nxc4 bxc4 22. Bxc4 Qb6 23. Qa3 Bd7 24. dxe6 fxe6 25. Rfd1 Rd8 26. g4 Ne7 27. Rd6 Nc6 28. Bxe6 Bxe6 29. Rxe6+ Kf7 30. Red6 Rhe8 31. Qf3+ Kg8 32. e6 Ne5 33. Qd5 Rxd6 34. Qxd6 Qxd6 35. Rxd6 Nxg4 36. Ra6 Ne5 37. f4 Nc4 38. Rxa7 Rxe6 39. Kf2 Nd6 40. Kf3 Nb5 41. Ra8+ Kf7 42. a4 Nd4+ 43. Kg4 Rg6+ 0-1

[Event "Mar del Plata op"]
[Site "Mar del Plata"]
[Date "2004.04.09"]
[Round "9"]
[White "Vasta, Eduardo"]
[Black "Manzone, Alessandro Jr"]
[Result "1/2-1/2"]
[WhiteElo "2367"]
[BlackElo "2188"]
[PlyCount "51"]
[EventDate "2004.04.02"]
[EventType "swiss"]
[EventRounds "9"]
[EventCountry "ARG"]
[SourceTitle "CBM 099 Extra"]
[Source "ChessBase"]
[SourceDate "2004.05.04"]
[SourceVersion "1"]
[SourceVersionDate "2004.05.04"]
[SourceQuality "1"]

1. e4 c5 2. d4 cxd4 3. c3 Nf6 4. e5 Nd5 5. Bc4 Qc7 6. Qe2 Nb6 7. Bd3 Nc6 8. Nf3 d5 9. exd6 Qxd6 10. Nxd4 Nxd4 11. cxd4 Bd7 12. Nc3 Bc6 13. 0-0 e6 14. Be3 Be7 15. Qh5 g6 16. Qh6 Bf8 17. Qh4 Bg7 18. Rad1 0-0 19. Bh6 Rac8 20. Rfe1 Bxh6 21. Qxh6 Rfd8 22. h4 Qf8 23. Qf4 Qg7 24. Re5 Nd7 25. Ra5 Nf6 26. Be2 1/2-1/2

[Event "Mar del Plata op"]
[Site "Mar del Plata"]
[Date "2004.04.07"]
[Round "6"]
[White "Tossutti, Juan Carlos"]
[Black "Vasta, Eduardo"]
[Result "1/2-1/2"]
[WhiteElo "2190"]
[BlackElo "2367"]
[PlyCount "44"]
[EventDate "2004.04.02"]
[EventType "swiss"]
[EventRounds "9"]
[EventCountry "ARG"]
[SourceTitle "CBM 099 Extra"]
[Source "ChessBase"]
[SourceDate "2004.05.04"]
[SourceVersion "1"]
[SourceVersionDate "2004.05.04"]
[SourceQuality "1"]

1. e4 e5 2. Nf3 Nc6 3. d4 exd4 4. Nxd4 Bc5 5. Be3 Qf6 6. c3 Qg6 7. Nd2 Nf6 8. Qf3 Nxd4 9. Bxd4 Bxd4 10. cxd4 d6 11. Bd3 Qg5 12. Qg3 h6 13. Rc1 c6 14. Rc2 Be6 15. f4 Qxg3+ 16. hxg3 0-0 17. 0-0 Rad8 18. Re1 Rfe8 19. a3 Re7 20. Rc3 Bf5 21. Bb1 d5 22. e5 Bxb1 1/2-1/2

[Event "Internet Section 11A g/8'+2\""]
[Site "Dos Hermanas"]
[Date "2004.03.10"]
[Round "3"]
[White "Vasta, Eduardo"]
[Black "Todorovic, Goran M"]
[Result "0-1"]
[WhiteElo "2367"]
[BlackElo "2461"]
[PlyCount "128"]
[EventDate "2004.03.11"]
[EventType "swiss (blitz)"]
[EventRounds "9"]
[EventCountry "ESP"]
[SourceTitle "EXT 2005"]
[Source "ChessBase"]
[SourceDate "2004.11.15"]
[SourceVersion "1"]
[SourceVersionDate "2004.11.15"]
[SourceQuality "1"]

1. e4 c5 2. d4 cxd4 3. c3 dxc3 4. Nxc3 Nc6 5. Nf3 e6 6. Bc4 Qc7 7. Qe2 Nf6 8. e5 Ng4 9. Bf4 a6 10. h3 Nh6 11. 0-0 Nf5 12. Rad1 b5 13. Bb3 Bb7 14. Ne4 h5 15. a3 h4 16. Rd3 Be7 17. Rfd1 Rd8 18. Bh2 Qb6 19. Qd2 Nxe5 20. Nxe5 Bxe4 21. Rxd7 0-0 22. Qf4 Ba8 23. Rxd8 Rxd8 24. Rxd8+ Bxd8 25. Nxf7 Qc6 26. f3 Qc5+ 27. Kh1 Kxf7 28. Bg1 g5 29. Qb8 Ng3+ 30. Kh2 Nf1+ 31. Kh1 Ng3+ 32. Kh2 Qc7 33. Qxa8 Ne2+ 34. Kh1 Nxg1 35. Kxg1 Qc1+ 36. Kf2 Qxb2+ 37. Kf1 Qxb3 38. Qxd8 Qxa3 39. Qd7+ Qe7 40. Qc6 Qa7 41. Qe4 Kf6 42. f4 Qc5 43. fxg5+ Qxg5 44. Qc6 Qf4+ 45. Kg1 b4 46. Qxa6 Qe3+ 47. Kh2 b3 48. Qa3 Qe5+ 49. Kh1 b2 50. Qb4 Kg6 51. Qg4+ Kf7 52. Qb4 Qe2 53. Kh2 Qc2 54. Qf4+ Ke7 55. Qxh4+ Kd7 56. Qd4+ Kc6 57. Qd8 b1Q 58. Qc8+ Kd5 59. Qa8+ Qc6 60. Qa5+ Qbb5 61. Qd2+ Ke5 62. Qg5+ Kd6 63. Qd8+ Qd7 64. Qf8+ Kc7 0-1

[Event "Internet Section 08B g/8'+2\""]
[Site "Dos Hermanas"]
[Date "2004.03.08"]
[Round "6"]
[White "Gontcharov, Vladislav"]
[Black "Vasta, Eduardo"]
[Result "1/2-1/2"]
[WhiteElo "2359"]
[BlackElo "2367"]
[PlyCount "164"]
[EventDate "2004.03.08"]
[EventType "swiss (blitz)"]
[EventRounds "9"]
[EventCountry "ESP"]
[SourceTitle "CBM 099 Extra"]
[Source "ChessBase"]
[SourceDate "2004.05.04"]
[SourceVersion "1"]
[SourceVersionDate "2004.05.04"]
[SourceQuality "1"]

1. d4 Nc6 2. c4 e5 3. d5 Nce7 4. Nc3 Nf6 5. e4 Ng6 6. a3 Bc5 7. h3 d6 8. Nf3 0-0 9. Qc2 a6 10. Bd3 Ba7 11. Ne2 c6 12. g4 Re8 13. Ng3 cxd5 14. cxd5 Nf4 15. Bf1 Bd7 16. Be3 Rc8 17. Qd2 Bxe3 18. fxe3 Ng6 19. Bd3 Rf8 20. Kf2 Ne8 21. Rac1 Qb6 22. b4 Nc7 23. Rhd1 Ba4 24. Re1 Nb5 25. Bxb5 Qxb5 26. Kg2 Ne7 27. h4 Rxc1 28. Rxc1 Rc8 29. Rxc8+ Nxc8 30. Nf5 Kf8 31. g5 Qc4 32. Ng3 Na7 33. Nf5 Nb5 34. Ng3 Nxa3 35. h5 Qc2 36. Qxc2 Bxc2 37. Nd2 g6 38. hxg6 hxg6 39. Kf2 Bd3 40. Nb3 Nc4 41. Na5 Nxa5 42. bxa5 Ke8 43. Ke1 Kd7 44. Kd2 Bb5 45. Nh1 Kc7 46. Nf2 b6 47. axb6+ Kxb6 48. Ng4 Kc5 49. Kc3 a5 50. Nh6 Be8 51. Ng4 a4 52. Nf2 Bb5 53. Nd1 Be2 54. Nf2 a3 55. Kb3 Bf3 56. Kxa3 Kc4 57. Kb2 Be2 58. Kc2 Bf1 59. Kd2 Bg2 60. Kc2 Kb4 61. Kd3 Kb3 62. Ng4 Bh3 63. Nh6 Bf1+ 64. Kd2 Bg2 65. Kd3 Bf1+ 66. Kd2 Bg2 67. Nxf7 Bxe4 68. Nxd6 Bxd5 69. e4 Be6 70. Kd3 Kb4 71. Ne8 Kc5 72. Nf6 Kd6 73. Kc3 Bc8 74. Kb4 Bb7 75. Kc4 Ke6 76. Kc3 Ba6 77. Kd2 Bb5 78. Ke3 Bc6 79. Kd3 Bb5+ 80. Ke3 Bc6 81. Kd3 Bb5+ 82. Ke3 Bc6 1/2-1/2

[Event "Internet Section 07A g/8'+2\""]
[Site "Dos Hermanas"]
[Date "2004.03.07"]
[Round "6"]
[White "Vasta, Eduardo"]
[Black "Bendersky, Valery G"]
[Result "0-1"]
[WhiteElo "2367"]
[BlackElo "2223"]
[PlyCount "80"]
[EventDate "2004.03.07"]
[EventType "swiss (blitz)"]
[EventRounds "9"]
[EventCountry "ESP"]
[SourceTitle "CBM 099 Extra"]
[Source "ChessBase"]
[SourceDate "2004.05.04"]
[SourceVersion "1"]
[SourceVersionDate "2004.05.04"]
[SourceQuality "1"]

1. e4 c5 2. d4 cxd4 3. c3 Nf6 4. e5 Nd5 5. Bc4 Nb6 6. Bb3 d6 7. Nf3 Nc6 8. exd6 Qxd6 9. cxd4 Be6 10. Nc3 Bxb3 11. Qxb3 e6 12. 0-0 Be7 13. Rd1 0-0 14. d5 exd5 15. Nxd5 Nxd5 16. Rxd5 Qe6 17. Bd2 b6 18. Re1 Qg6 19. Bc3 Rfd8 20. Rxd8+ Rxd8 21. h3 h6 22. Qc4 Bf8 23. Rc1 Rc8 24. Qa6 Qe6 25. Bd2 Qd7 26. Be3 Ne7 27. Rxc8 Nxc8 28. Kh2 Bd6+ 29. g3 Ne7 30. Qc4 Nf5 31. Bf4 Bc5 32. Ne5 Qb7 33. Kg1 g5 34. Bd2 Nxg3 35. Kh2 Bxf2 36. Nc6 Bc5 37. Qd5 Nf1+ 38. Kg2 Nxd2 39. b4 Nc4 40. Qe4 Ne5 0-1

[Event "Internet Section 07A g/8'+2\""]
[Site "Dos Hermanas"]
[Date "2004.03.07"]
[Round "3"]
[White "Vasta, Eduardo"]
[Black "Chemin, Justo Reinaldo"]
[Result "1-0"]
[WhiteElo "2367"]
[BlackElo "2296"]
[PlyCount "83"]
[EventDate "2004.03.07"]
[EventType "swiss (blitz)"]
[EventRounds "9"]
[EventCountry "ESP"]
[SourceTitle "CBM 099 Extra"]
[Source "ChessBase"]
[SourceDate "2004.05.04"]
[SourceVersion "1"]
[SourceVersionDate "2004.05.04"]
[SourceQuality "1"]

1. e4 e6 2. d4 d5 3. Nc3 dxe4 4. Nxe4 Qd5 5. Nc3 Bb4 6. Nf3 Nf6 7. Bd3 Ne4 8. 0-0 Nxc3 9. bxc3 Bxc3 10. Rb1 a6 11. Rb3 Ba5 12. Ba3 Nd7 13. c4 Qh5 14. h3 c5 15. d5 0-0 16. dxe6 fxe6 17. Be4 Bb4 18. Bb2 Nf6 19. Bc2 b5 20. a3 bxc4 21. Re3 Ba5 22. Re5 Qe8 23. Rxc5 Bb6 24. Rxc4 Bb7 25. Ne5 Rd8 26. Qb1 Qh5 27. Bc3 Qg5 28. Ng4 h5 29. Qxb6 hxg4 30. Qxb7 gxh3 31. Bxf6 Rxf6 32. Qe4 hxg2 33. Re1 Rh6 34. Qxg2 Qd2 35. Rf1 Rf8 36. Rg4 Qxc2 37. Rxg7+ Kh8 38. Qg5 Rh3 39. Rg6 Qe4 40. Qg2 Qxg2+ 41. Kxg2 Rxa3 42. Rh1+ 1-0

[Event "Internet Section 06A g/8'+2\""]
[Site "Dos Hermanas"]
[Date "2004.03.06"]
[Round "1"]
[White "Vasta, Eduardo"]
[Black "Revesz, Norbert"]
[Result "1-0"]
[WhiteElo "2367"]
[BlackElo "1813"]
[PlyCount "27"]
[EventDate "2004.03.06"]
[EventType "swiss (blitz)"]
[EventRounds "9"]
[EventCountry "ESP"]
[SourceTitle "CBM 099 Extra"]
[Source "ChessBase"]
[SourceDate "2004.05.04"]
[SourceVersion "1"]
[SourceVersionDate "2004.05.04"]
[SourceQuality "1"]

1. e4 c5 2. d4 cxd4 3. c3 dxc3 4. Nxc3 e6 5. Nf3 Bc5 6. Bc4 Ne7 7. Ng5 Nbc6 8. 0-0 a6 9. Nxf7 Kxf7 10. Qh5+ Ng6 11. Qxc5 b5 12. Bxe6+ Kxe6 13. Qd5+ Ke7 14. Bg5+ 1-0

[Event "Internet Section 16-B"]
[Site "Dos Hermanas"]
[Date "2003.03.17"]
[Round "9"]
[White "Fancsy, Imre"]
[Black "Vasta, Eduardo"]
[Result "0-1"]
[WhiteElo "2406"]
[BlackElo "2367"]
[PlyCount "134"]
[EventDate "2003.03.16"]
[EventType "swiss (blitz)"]
[EventRounds "9"]
[EventCountry "ESP"]
[SourceTitle "EXT 2004"]
[Source "ChessBase"]
[SourceDate "2003.11.25"]
[SourceVersion "1"]
[SourceVersionDate "2003.11.25"]
[SourceQuality "1"]

1. c4 e5 2. g3 Nf6 3. Nc3 Nc6 4. Bg2 Bc5 5. a3 d6 6. b4 Bb6 7. e3 Bg4 8. Nge2 Qd7 9. d3 Bh3 10. 0-0 h5 11. a4 a5 12. b5 Nd8 13. f3 Bxg2 14. Kxg2 h4 15. g4 Ne6 16. Ne4 d5 17. Nxf6+ gxf6 18. cxd5 Qxd5 19. Nc3 Qd7 20. Ne4 0-0-0 21. Nxf6 Qxd3 22. Qxd3 Rxd3 23. Re1 Nc5 24. Ra2 h3+ 25. Kg3 Nb3 26. Bb2 Rd2 27. Nh5 Rhd8 28. Rb1 R8d3 29. Kxh3 Bxe3 30. Ng3 Bf4 31. Ra3 Rxf3 32. Bxe5 Rff2 33. Rh1 Bxe5 34. Rxb3 Ra2 35. Re3 Bd6 36. Re4 Rf4 37. Rhe1 Rxa4 38. Rxf4 Rxf4 39. g5 Rf3 40. Ra1 b6 41. Kg4 Rb3 42. Ne4 Bxh2 43. Rf1 Rb4 44. Kf3 a4 45. Ke3 a3 46. Ra1 Rb3+ 47. Kd4 Bf4 48. Kc4 Rf3 49. Ra2 Be5 50. Nd2 Rg3 51. Ne4 Rh3 52. Kd5 Bb2 53. Kc4 Re3 54. Nf6 Rc3+ 55. Kb4 Rc5 56. Ne4 Re5 57. Nd2 Rxg5 58. Nc4 Rg4 59. Kb3 Rg3+ 60. Kb4 Bd4 61. Rc2 Bc5+ 62. Ka4 f5 63. Ne5 f4 64. Nc6 f3 65. Ra2 Bd6 66. Nd4 Rg4 67. Rd2 a2 0-1

[Event "Internet Section 17-A"]
[Site "Dos Hermanas"]
[Date "2003.03.17"]
[Round "8"]
[White "Ivanisevic, Ivan"]
[Black "Vasta, Eduardo"]
[Result "1-0"]
[WhiteElo "2555"]
[BlackElo "2367"]
[PlyCount "69"]
[EventDate "2003.03.17"]
[EventType "swiss (blitz)"]
[EventRounds "9"]
[EventCountry "ESP"]
[SourceTitle "EXT 2004"]
[Source "ChessBase"]
[SourceDate "2003.11.25"]
[SourceVersion "1"]
[SourceVersionDate "2003.11.25"]
[SourceQuality "1"]

1. d4 Nc6 2. e4 e5 3. Nf3 exd4 4. Nxd4 Bc5 5. Be3 Qf6 6. c3 Qg6 7. Nd2 Nf6 8. h4 Bxd4 9. cxd4 Nxe4 10. h5 Qe6 11. d5 Qxd5 12. Qg4 Nxd2 13. Qxg7 Qe5 14. Qxe5+ Nxe5 15. Kxd2 d6 16. f4 Ng4 17. Bd4 Rg8 18. Re1+ Kd8 19. Bd3 h6 20. Bh7 Re8 21. Rxe8+ Kxe8 22. Re1+ Kf8 23. f5 Bd7 24. Re4 Ne5 25. Bxe5 dxe5 26. f6 Be6 27. Rxe5 Rd8+ 28. Ke3 Bxa2 29. Ra5 Bd5 30. g4 a6 31. Kf4 Be6 32. g5 hxg5+ 33. Rxg5 Ke8 34. Rg8+ Kd7 35. h6 1-0